000 00620nam a2200181Ia 4500
008 100921s9999 xx 000 0 und d
082 _b18131
_a891.463 थ 68
100 _aफाटक अनंत.
245 _aनाती दोन दिसांची.
260 _bकेसरी प्रकाशन,पुणे.
_c1968
300 _a132
_b---
365 _b10
520 _aललित-कादंबरी.
630 _aनाती दोन दिसांची.
650 _aललित-कादंबरी.
730 _aनाती दोन दिसांची.
942 _cBOOK
999 _c767244
_d767241